Score 0/18 Timer 02:00
0 Plays Today
Scrambled Word Answer % Correct
OCWCow
96.6%
ULSGSlug
95.4%
ILYLLily
93.6%
SRATStar
87.7%
OILNLion
85.4%
REOHSHorse
69.3%
RTETLUTurtle
63.8%
LOWDRWorld
61.5%
IRUQSTSquirt
60.3%
Scrambled Word Answer % Correct
MUBUCRECCucumber
45.6%
RDOGANDragon
43.6%
NRUCHIUrchin
40.7%
Common Bond:Sea
36.9%
EORTTOtter
35.4%
SOTMNREMonster
32.6%
OMAENENAnemone
23.4%
UTRECAERCreature
18.6%
CSOOPNIRScorpion
13.2%

You're not logged in!

Compare scores with friends on all Sporcle quizzes.
OR
Log In

Sporcle TV

Today on Sporcle TV


Watch our educational content, quiz creation guides, and fun videos on Sporcle TV.

Show Comments

Extras

Top Quizzes Today


Score Distribution

Your Account Isn't Verified!

In order to create a playlist on Sporcle, you need to verify the email address you used during registration. Go to your Sporcle Settings to finish the process.

Report this User

Report this user for behavior that violates our Community Guidelines.

Details: